Littérature: complétez le titre #3 - Statistiques

Statistiques générales
  • Ce quiz a été pris 4 797 fois
  • Le résultat moyen est 12 sur 20
Statistiques - réponses
Auteur Titre % Correct
Alexandre Dumas Le comte {de Monte-Cristo}
91%
F. Scott Fitzgerald Gatsby {le magnifique}
90%
Marcel Proust A la recherche {du temps perdu}
83%
Emile Zola Au bonheur {des dames}
82%
Guy de Maupassant Boule {de suif}
76%
Madame de Lafayette La princesse {de Clèves}
75%
Oscar Wilde Le portrait {de Dorian Gray}
70%
Marcel Pagnol {La gloire} de mon père
69%
Charlotte Brontë Jane {Eyre}
62%
Romain Gary {La promesse} de l'aube
60%
Léon Tolstoï Anna {Karénine}
58%
Honoré de Balzac {Illusions} perdues
54%
Alfred de Musset {On ne badine pas} avec l'amour
54%
Gustave Flaubert {L'éducation} sentimentale
52%
Denis Diderot {Jacques} le fataliste
48%
Marivaux Les fausses {confidences}
48%
Jonathan Swift Les voyages {de Gulliver}
47%
Marguerite Yourcenar Mémoires {d'Hadrien}
42%
William Shakespeare {Beaucoup de bruit} pour rien
20%
Geoffrey Chaucer Les contes de {Canterbury}
9%
Aucun quiz correspondant
Distribution des résultats
% des personnes avec chaque résultat
Percentile par nombre de réponses
Votre historique - résultats
Vous n’avez pas pris ce quiz